• 首页
  • 本馆介绍
  • 公告通知
  • 最新文献
  • 馆藏检索
  • 电子资源
  • 读者导购
  • 参考咨询
  • 我的图书馆
  • 登录
  • 详细信息显示
  • 放入我的书架
  • 预约/预借图书
  • 作者相关作品
  • 分类相关作品
  • 丛书相关作品
  • 出版社相关作品

书目信息

  • 表格格式
  • 工作单格式
  • 卡片格式
题名:
新编幼儿入学准备教材
    
 
作者: 徐明 文 ;易龙图文工作室 画
分册: 上   学科学准备
出版信息: 北京   中国少年儿童出版社  2002
页数: 46页
开本: 21cm
丛书名:
单 册:
中图分类: G613
科图分类:
主题词: 学前教育--儿童读物
电子资源:
ISBN: 7-5007-6170-8
000 00808nam0 2200253 450
001 1556530799
005 20150131154312.03
010    @a7-5007-6170-8@dCNY5.00
100    @a20021120d2002 b y0chiy0110 ea
101 0  @achi
102    @aCN@b110000
105    @aa z 000yy
200 1  @a新编幼儿入学准备教材@Axin bian you er ru xue zhun bei jiao cai@9xue ke xue zhun bei@h上@i学科学准备@f徐明文@g易龙图文工作室画
210    @a北京@c中国少年儿童出版社@d2002
215    @a46页@c图@d21cm
300    @a新编幼儿入学准备教材
517 1  @a学科学准备@Axue ke xue zhun bei
606 0  @a学前教育@j儿童读物
690    @aG613@v5
696    @aJ38@v3@2sef
701  0 @a徐明@9xu ming@4文
712 02 @a易龙图文工作室@9yi long tu wen gong zuo shi@4画
801  0 @aCN@bTSSF@c20150131
905    @aZUCC@dG613@eJY85:1
    
    新编幼儿入学准备教材.上.学科学准备/徐明文/易龙图文工作室画.-北京:中国少年儿童出版社,2002
    46页:图;21cm
    新编幼儿入学准备教材
    
    ISBN 7-5007-6170-8:CNY5.00
    
●
相关链接 在E读中查询图书 在五车中查询图书 在当当中查询图书 在豆瓣中查询图书


正题名:新编幼儿入学准备教材     索取号:G613/JY85:1         预约/预借

序号 登录号 条形码 馆藏地/架位号 状态 备注
1 7846518   278465180   学院路分馆/ [索取号:G613/JY85:1] 在馆    
唐山师范学院图书馆 欢迎您!
大连网信软件有限公司© 版权所有